Statistiques concernant Prénoms d'acteurs et d'actrices français 2

Cliquez ici pour prendre le quiz!

Statistiques générales

  • Ce quiz a été pris 405 fois
  • Le résultat moyen est 36 sur 64

Statistiques - réponses

HintRéponse% Correct
DepardieuGérard
99%
SyOmar
95%
BoonDany
94%
DuboscFranck
93%
LhermitteThierry
93%
CasselVincent
91%
MacaigneVincent
91%
RenoJean
90%
BalaskoJosiane
90%
MarceauSophie
90%
DebbouzeJamel
89%
SemounElie
86%
LutzAlex
85%
AdjaniIsabelle
85%
LamyAlexandra
82%
LemercierValérie
81%
GayetJulie
80%
FleurotAudrey
77%
de FranceCécile
70%
GreenEva
70%
SyllaAhmed
69%
de CaunesAntoine
69%
CivilFrançois
69%
RobinMuriel
69%
SmetLaura
66%
MagimelBenoit
65%
BourdonDidier
63%
ArditiPierre
63%
CornillacClovis
62%
KassovitzMathieu
62%
LaroqueMichèle
61%
LaubyChantal
59%
SeignerMathilde
59%
DussolierAndré
51%
FrotCatherine
51%
FontanElodie
51%
NakacheGéraldine
51%
DalleBéatrice
48%
GalienneGuillaume
47%
LaurentMélanie
47%
TagboClaudia
46%
BerryRichard
43%
RenaudLine
42%
BourgoinLouise
38%
RamplingCharlotte
37%
PrévostDaniel
37%
BonnaireSandrine
36%
BerlingCharles
34%
AzémaSabine
33%
de GroodtStéphane
31%
HaenelAdèle
30%
CoureauClotilde
30%
TorretonPhilippe
30%
BercotEmmanuelle
25%
DuvauchelleNicolas
25%
ZemRoschdy
25%
ChamouxCamille
23%
KatebReda
23%
Leroy BeaulieuPhilippine
21%
ElmosninoEric
20%
GarciaNicole
18%
RovèreLiliane
9%
SchneiderNiels
9%
OutalbaliSami
6%

Distribution des résultats

Percentile par nombre de réponses

% des personnes avec chaque résultat

Votre développement - résultats

Vous n’avez pas pris ce quiz